[Event "ROM-ch U14 Girls"]
[Site "Baile Felix"]
[Date "2017.02.07"]
[Round "7"]
[White "Avadani, Teodora"]
[Black "Olinici, Ecaterina"]
[Result "1/2-1/2"]
[WhiteElo "1563"]
[BlackElo "1455"]
[PlyCount "87"]
[EventDate "2017.02.02"]
[EventType "swiss"]
[EventRounds "9"]
[EventCountry "ROU"]
[SourceTitle "CBM 176 Extra"]
[Source "ChessBase"]
[SourceDate "2017.03.02"]
[SourceVersion "1"]
[SourceVersionDate "2017.03.02"]
[SourceQuality "1"]

1. d4 d5 2. c4 e6 3. Nc3 c6 4. cxd5 exd5 5. Bf4 Bd6 6. Bg3 Ne7 7. e3 Bf5 8. Nf3 Ng6 9. Qb3 b6 10. Ne5 Nxe5 11. dxe5 Bc7 12. Rd1 Be6 13. Qc2 Nd7 14. f4 Bg4 15. Be2 Bxe2 16. Nxe2 Rc8 17. Nd4 Nb8 18. b4 Qd7 19. 0-0 0-0 20. f5 Rfe8 21. Nf3 Qe7 22. Qc3 Nd7 23. Qxc6 Bxe5 24. Qxd5 Bxg3 25. hxg3 Qxe3+ 26. Kh1 Nf6 27. Qd3 Qxd3 28. Rxd3 Rc2 29. a3 h6 30. Ng1 Ne4 31. Nh3 Nf6 32. Ng1 Rec8 33. Rfd1 R2c3 34. Rd8+ Rxd8 35. Rxd8+ Kh7 36. Rf8 Rxg3 37. Nf3 Rg4 38. Rxf7 a5 39. Rb7 axb4 40. Rxb6 bxa3 41. Ra6 Rf4 42. Rxa3 Rxf5 43. Ra7 Rb5 44. Kh2 1/2-1/2

[Event "ROM-ch U14 Girls"]
[Site "Baile Felix"]
[Date "2017.02.04"]
[Round "3"]
[White "Olinici, Ecaterina"]
[Black "Banciu, Alexandra Ioana"]
[Result "1-0"]
[WhiteElo "1455"]
[BlackElo "1402"]
[PlyCount "131"]
[EventDate "2017.02.02"]
[EventType "swiss"]
[EventRounds "9"]
[EventCountry "ROU"]
[SourceTitle "CBM 176 Extra"]
[Source "ChessBase"]
[SourceDate "2017.03.02"]
[SourceVersion "1"]
[SourceVersionDate "2017.03.02"]
[SourceQuality "1"]

1. d4 f5 2. c4 Nf6 3. Nc3 e6 4. Bf4 d5 5. e3 c6 6. Nf3 Bd6 7. Bxd6 Qxd6 8. Bd3 b6 9. h3 Nbd7 10. cxd5 cxd5 11. Nb5 Qb8 12. Rc1 0-0 13. Nc7 Bb7 14. Nxa8 Bxa8 15. Qc2 Re8 16. Qc7 Bb7 17. Qxb8 Rxb8 18. 0-0 Ne8 19. Ng5 Nf8 20. Rc3 a6 21. a4 h6 22. Nf3 Nd7 23. Rfc1 Kf7 24. Ne5+ Nxe5 25. dxe5 Ke7 26. Rb3 Bc8 27. Rc6 b5 28. axb5 axb5 29. Rxb5 Rxb5 30. Bxb5 Bd7 31. Rc5 Bxb5 32. Rxb5 Nc7 33. Rc5 Kd7 34. Rc1 Na8 35. b4 Nb6 36. f4 Nc4 37. Kf2 Kc6 38. Ra1 Kb6 39. Ra8 Nb2 40. Re8 Nd3+ 41. Ke2 Nxb4 42. Rxe6+ Kc5 43. Rg6 Nc6 44. Rxg7 d4 45. exd4+ Nxd4+ 46. Ke3 Nc2+ 47. Kf3 Nd4+ 48. Ke3 Nc2+ 49. Kd2 Nd4 50. Rg6 h5 51. Rh6 Kd5 52. Kd3 Ne6 53. Rxe6 Kxe6 54. Kd4 Kf7 55. Kd5 Ke7 56. e6 Ke8 57. Ke5 Kf8 58. Kxf5 Ke7 59. Ke5 Kf8 60. f5 Ke7 61. f6+ Kf8 62. Kd6 Ke8 63. f7+ Kf8 64. Kd7 Kg7 65. e7 Kxf7 66. e8Q+ 1-0

[Event "ROM-ch U14 Girls"]
[Site "Baile Felix"]
[Date "2017.02.02"]
[Round "1"]
[White "Ciolacu, Alessia Mihaela"]
[Black "Olinici, Ecaterina"]
[Result "1-0"]
[WhiteElo "1615"]
[BlackElo "1455"]
[PlyCount "151"]
[EventDate "2017.02.02"]
[EventType "swiss"]
[EventRounds "9"]
[EventCountry "ROU"]
[SourceTitle "CBM 176 Extra"]
[Source "ChessBase"]
[SourceDate "2017.03.02"]
[SourceVersion "1"]
[SourceVersionDate "2017.03.02"]
[SourceQuality "1"]

1. d4 d5 2. c4 e6 3. Nc3 c6 4. Nf3 dxc4 5. a4 Bb4 6. Bd2 a5 7. e3 b5 8. Ne5 Nf6 9. Qf3 Bxc3 10. Bxc3 Ra6 11. Nxc6 Qb6 12. axb5 Qxb5 13. Nxb8 Qxb8 14. Bxc4 Ra7 15. Qg3 Qxg3 16. hxg3 Bb7 17. Rxa5 Rxa5 18. Bxa5 Bxg2 19. Rg1 Bc6 20. b4 Kd7 21. b5 Bb7 22. Ke2 Ra8 23. Ra1 Ne4 24. Bd3 Nd6 25. f3 Bd5 26. e4 Bc4 27. b6 Bxd3+ 28. Kxd3 Nb7 29. Bc3 Rxa1 30. Bxa1 Kc6 31. d5+ exd5 32. exd5+ Kxd5 33. Bxg7 Nc5+ 34. Ke3 Kc6 35. Bd4 Ne6 36. f4 f5 37. Kd3 Nd8 38. Be3 Kd5 39. Bd4 Nb7 40. Be5 Nc5+ 41. Ke3 Nb7 42. Bc7 Nc5 43. Kf3 h5 44. Kg2 Ke6 45. Be5 Nb7 46. Bc7 Nc5 47. Kf3 Kd5 48. Ke3 Nb7 49. Be5 Nc5 50. Bd4 Nb7 51. Kd3 Nd6 52. Bf2 Nb7 53. Be3 Nd6 54. Bd4 Nb7 55. Bf6 Nc5+ 56. Ke3 Nb7 57. Be7 Na5 58. Kd3 Nb7 59. Kc3 Na5 60. Kd3 Nb7 61. Ke3 Na5 62. Bd8 Nb7 63. Bf6 Nc5 64. Be7 Nb7 65. Kd3 Na5 66. Kc3 Nb7 67. Kb4 Kc6 68. Kc4 Na5+ 69. Kd4 Kd7 70. Bb4 Nc6+ 71. Kc5 Nb8 72. Ba5 Na6+ 73. Kb5 Nb8 74. b7 Nc6 75. Kb6 Nxa5 76. b8Q 1-0

[Event "Braila Albulet Memorial (Women) 8th"]
[Site "Braila"]
[Date "2015.09.12"]
[Round "4"]
[White "Olinici, Ecaterina"]
[Black "Trimbitaru, Cornelia"]
[Result "1/2-1/2"]
[WhiteElo "1424"]
[BlackElo "1432"]
[PlyCount "36"]
[EventDate "2015.09.10"]
[EventType "swiss"]
[EventRounds "9"]
[EventCountry "ROU"]
[SourceTitle "EXT 2016"]
[Source "ChessBase"]
[SourceDate "2015.10.08"]
[SourceVersion "1"]
[SourceVersionDate "2015.10.08"]
[SourceQuality "1"]

1. e4 c5 2. Nf3 e6 3. c3 d5 4. exd5 exd5 5. d4 Nc6 6. Be3 cxd4 7. Nxd4 Nf6 8. Be2 Be7 9. 0-0 0-0 10. Bf3 Be6 11. Nxe6 fxe6 12. Re1 Qd6 13. Nd2 Nd7 14. g3 Nde5 15. Bf4 Nxf3+ 16. Nxf3 Qd7 17. Qe2 Bd6 18. Bxd6 Qxd6 1/2-1/2

[Event "Braila Albulet Memorial (Women) 8th"]
[Site "Braila"]
[Date "2015.09.11"]
[Round "3"]
[White "Matei, Ana Maria"]
[Black "Olinici, Ecaterina"]
[Result "1-0"]
[WhiteElo "1453"]
[BlackElo "1424"]
[PlyCount "133"]
[EventDate "2015.09.10"]
[EventType "swiss"]
[EventRounds "9"]
[EventCountry "ROU"]
[SourceTitle "EXT 2016"]
[Source "ChessBase"]
[SourceDate "2015.10.08"]
[SourceVersion "1"]
[SourceVersionDate "2015.10.08"]
[SourceQuality "1"]

1. e4 e5 2. Nf3 Nc6 3. Nc3 Nf6 4. Bb5 Bb4 5. Bxc6 bxc6 6. d3 d6 7. h3 h6 8. Bd2 0-0 9. 0-0 Bd7 10. a3 Ba5 11. Re1 Bb6 12. Nh2 Re8 13. Be3 Rb8 14. Rb1 Nh7 15. Qh5 Bxe3 16. Rxe3 Qg5 17. Qxg5 Nxg5 18. Rg3 Ne6 19. Ne2 Rb6 20. Ng4 Kh7 21. Ne3 Rb7 22. h4 Nf4 23. Kf1 Nxe2 24. Kxe2 Be6 25. Rf3 d5 26. Rg3 Reb8 27. b3 g6 28. Ng4 Bxg4+ 29. Rxg4 Rb6 30. Rg3 Ra6 31. a4 Rxa4 32. bxa4 Rxb1 33. exd5 cxd5 34. Re3 f6 35. d4 e4 36. Rc3 Rb7 37. Rc5 Kg7 38. Rxd5 c6 39. Rc5 Rb6 40. Ra5 Rb7 41. Ke3 f5 42. Kd2 Kf6 43. Ra6 Rc7 44. d5 Ke5 45. Rxc6 Rxc6 46. dxc6 Kd6 47. Kc3 Kxc6 48. Kd4 Kd6 49. a5 a6 50. g3 g5 51. hxg5 hxg5 52. c3 Ke6 53. g4 fxg4 54. Kxe4 Kd6 55. Kd4 Kc6 56. c4 Kd6 57. c5+ Kc6 58. Kc4 Kc7 59. Kd5 Kd7 60. c6+ Kc7 61. Kc5 Kc8 62. Kb6 Kb8 63. c7+ Kc8 64. Kc6 g3 65. fxg3 g4 66. Kb6 Kd7 67. Kb7 1-0

[Event "Braila Albulet Memorial (Women) 8th"]
[Site "Braila"]
[Date "2015.09.10"]
[Round "1"]
[White "Nastase, Andreea Cristina"]
[Black "Olinici, Ecaterina"]
[Result "1-0"]
[WhiteElo "1870"]
[BlackElo "1424"]
[PlyCount "79"]
[EventDate "2015.09.10"]
[EventType "swiss"]
[EventRounds "9"]
[EventCountry "ROU"]
[SourceTitle "EXT 2016"]
[Source "ChessBase"]
[SourceDate "2015.10.08"]
[SourceVersion "1"]
[SourceVersionDate "2015.10.08"]
[SourceQuality "1"]

1. d4 d5 2. c4 e6 3. Nc3 c6 4. cxd5 exd5 5. h3 Bd6 6. Qc2 Ne7 7. e3 Bf5 8. Bd3 Bxd3 9. Qxd3 Nd7 10. Nf3 Ng6 11. Rb1 Nf6 12. b4 a6 13. Ne2 0-0 14. a4 Qd7 15. 0-0 Ne4 16. Bd2 Rfe8 17. Rfc1 Nxd2 18. Nxd2 Qe7 19. Qc3 Rec8 20. Rb3 Qe8 21. Qd3 b5 22. a5 Rc7 23. Nf1 Qe4 24. Qxe4 dxe4 25. Neg3 Re8 26. Nf5 Re6 27. Nxd6 Rxd6 28. Ng3 Re6 29. d5 Rd6 30. Rxc6 Rcxc6 31. dxc6 Rxc6 32. Nxe4 Ne7 33. Rd3 h6 34. Nc5 g6 35. Rd7 Nf5 36. Ra7 Rd6 37. Rxa6 Rxa6 38. Nxa6 Kf8 39. Nc7 Ke7 40. a6 1-0

[Event "ROM-ch U10 Girls"]
[Site "Calimanesti"]
[Date "2014.04.09"]
[Round "5"]
[White "Olinici, Ecaterina"]
[Black "Marin, Alexia Iuliana"]
[Result "1-0"]
[WhiteElo "1466"]
[BlackElo "1232"]
[PlyCount "87"]
[EventDate "2014.04.06"]
[EventType "swiss"]
[EventRounds "9"]
[EventCountry "ROU"]
[SourceTitle "CBM 160 Extra"]
[Source "ChessBase"]
[SourceDate "2014.07.01"]
[SourceVersion "1"]
[SourceVersionDate "2014.07.01"]
[SourceQuality "1"]

1. e4 e5 2. Nf3 Nc6 3. Nc3 Nf6 4. d4 Bd6 5. Bg5 0-0 6. Be2 h6 7. Bxf6 Qxf6 8. dxe5 Bxe5 9. Nxe5 Nxe5 10. 0-0 Qg6 11. Nd5 Re8 12. Nxc7 Re7 13. Nxa8 d6 14. Bf3 Re6 15. Nc7 Rf6 16. Nd5 Re6 17. Nf4 Qf6 18. Nxe6 Qxe6 19. h3 Qg6 20. Bg4 Bxg4 21. hxg4 Nxg4 22. Qf3 Qh5 23. Qh3 Qg6 24. Rad1 Qxe4 25. Rfe1 Qf4 26. Qg3 Qf5 27. Re8+ Kh7 28. Qd3 Qxd3 29. Rxd3 Nf6 30. Rb8 b6 31. Rxd6 Ne4 32. Rdd8 Kg6 33. Ra8 Nf6 34. Rxa7 b5 35. a4 bxa4 36. Rxa4 h5 37. b4 Kh7 38. b5 Ne4 39. Rxe4 g6 40. b6 Kg7 41. b7 Kh6 42. b8Q f5 43. Rh8+ Kg5 44. Qd8# 1-0

[Event "World Amateur-ch"]
[Site "Iasi"]
[Date "2013.04.27"]
[Round "6"]
[White "Baciu, Alexandru"]
[Black "Olinici, Ecaterina"]
[Result "1-0"]
[WhiteElo "1755"]
[BlackElo "1399"]
[PlyCount "41"]
[EventDate "2013.04.22"]
[EventType "swiss"]
[EventRounds "9"]
[EventCountry "ROU"]
[SourceTitle "CBM 154 Extra"]
[Source "ChessBase"]
[SourceDate "2013.06.25"]
[SourceVersion "2"]
[SourceVersionDate "2013.06.25"]
[SourceQuality "1"]

1. d4 d5 2. c4 e6 3. Nc3 c6 4. e3 f5 5. Bd3 Nf6 6. Nge2 Bd6 7. f3 0-0 8. 0-0 b6 9. b3 Qc7 10. g3 h5 11. e4 fxe4 12. fxe4 dxe4 13. Nxe4 Nxe4 14. Rxf8+ Kxf8 15. Bxe4 Kg8 16. Bf4 Bxf4 17. Nxf4 h4 18. Qh5 Qd7 19. Qh7+ Kf8 20. Ng6+ Ke8 21. Qg8# 1-0

[Event "ROM-ch U10 Girls"]
[Site "Calimanesti"]
[Date "2013.04.06"]
[Round "7"]
[White "Lupascu, Diana Elena"]
[Black "Olinici, Ecaterina"]
[Result "1-0"]
[WhiteElo "1334"]
[BlackElo "1399"]
[PlyCount "81"]
[EventDate "2013.04.02"]
[EventType "swiss"]
[EventRounds "9"]
[EventCountry "ROU"]
[SourceTitle "CBM 153 Extra"]
[Source "ChessBase"]
[SourceDate "2013.04.22"]
[SourceVersion "1"]
[SourceVersionDate "2013.04.22"]
[SourceQuality "1"]

1. d4 g6 2. c4 Bg7 3. Nc3 d6 4. Nf3 Nd7 5. g3 e5 6. Bg2 Ne7 7. 0-0 0-0 8. e4 exd4 9. Nxd4 Nc6 10. Nxc6 bxc6 11. Qc2 Qf6 12. Bd2 Ne5 13. Na4 Nf3+ 14. Kh1 Nd4 15. Qd1 h5 16. h3 Re8 17. Nc3 Ne6 18. e5 Qf5 19. exd6 Rb8 20. b3 cxd6 21. Kh2 Nc7 22. Rc1 d5 23. cxd5 cxd5 24. Bf4 Be5 25. Bxe5 Rxe5 26. Re1 g5 27. Rxe5 Qxe5 28. Nxd5 Nxd5 29. Qxd5 Qf6 30. Qd2 Be6 31. Qe2 h4 32. Rc7 a6 33. Ra7 g4 34. hxg4 hxg3+ 35. Kxg3 Rc8 36. Rxa6 Rc3+ 37. f3 Qg5 38. Ra4 Re3 39. Qd1 Qe5+ 40. Kf2 Qc5 41. Qd4 1-0

[Event "ROM-ch U10 Girls"]
[Site "Calimanesti"]
[Date "2013.04.05"]
[Round "5"]
[White "Gollner, Blanka"]
[Black "Olinici, Ecaterina"]
[Result "0-1"]
[WhiteElo "1190"]
[BlackElo "1399"]
[PlyCount "88"]
[EventDate "2013.04.02"]
[EventType "swiss"]
[EventRounds "9"]
[EventCountry "ROU"]
[SourceTitle "CBM 153 Extra"]
[Source "ChessBase"]
[SourceDate "2013.04.22"]
[SourceVersion "1"]
[SourceVersionDate "2013.04.22"]
[SourceQuality "1"]

1. e4 e5 2. Nf3 Nc6 3. Bc4 Bc5 4. c3 Qe7 5. d4 Bb6 6. Be3 Nf6 7. Nbd2 d6 8. 0-0 0-0 9. Qe2 h6 10. Rfe1 Bg4 11. h3 Bh5 12. Qd3 Bg6 13. Bd5 Nxd5 14. c4 Nxe3 15. Qxe3 exd4 16. Qd3 Nb4 17. Qb3 Nc6 18. Rad1 Ba5 19. Qxb7 Bxd2 20. Rxd2 Ne5 21. Nxe5 dxe5 22. Qd5 Rfd8 23. Qc6 Qb4 24. Ree2 Rab8 25. b3 d3 26. Qa4 Qxa4 27. bxa4 dxe2 28. Rxe2 Rd4 29. c5 Rxa4 30. f3 Rc4 31. c6 Rxc6 32. Kf2 Rb4 33. Ke3 f5 34. exf5 Bxf5 35. g4 Rc3+ 36. Kf2 Bd3 37. Re3 Rb2+ 38. Kg3 Rxa2 39. Kh4 Rg2 40. Rxe5 g5+ 41. Kh5 Rc6 42. Re8+ Kf7 43. Rh8 Rh2 44. Rf8+ Kxf8 0-1

[Event "ROM-ch U10 Girls"]
[Site "Calimanesti"]
[Date "2013.04.05"]
[Round "6"]
[White "Olinici, Ecaterina"]
[Black "Lehaci, Miruna Daria"]
[Result "0-1"]
[WhiteElo "1399"]
[BlackElo "1478"]
[PlyCount "58"]
[EventDate "2013.04.02"]
[EventType "swiss"]
[EventRounds "9"]
[EventCountry "ROU"]
[SourceTitle "CBM 153 Extra"]
[Source "ChessBase"]
[SourceDate "2013.04.22"]
[SourceVersion "1"]
[SourceVersionDate "2013.04.22"]
[SourceQuality "1"]

1. e4 c5 2. Nf3 a6 3. c3 e6 4. d4 d5 5. e5 Nc6 6. Be2 Nge7 7. 0-0 Nf5 8. h3 Be7 9. Bd3 0-0 10. Re1 Qb6 11. b3 cxd4 12. cxd4 Ncxd4 13. Nxd4 Qxd4 14. g4 Qxa1 15. gxf5 exf5 16. Qf3 Qd4 17. Bc2 Qb6 18. Kh1 Qc6 19. Bd3 d4 20. Qxc6 bxc6 21. Rg1 Re8 22. Nd2 Bh4 23. Rg2 Rxe5 24. Nf3 Rc5 25. Ba3 Rc3 26. Ne5 Bf6 27. Rg1 Bxe5 28. Re1 Rxd3 29. Rxe5 Be6 0-1